000 00722nam a22002537a 4500
008 131109b xxu||||| |||| 00| 0 eng d
020 _a0-13-676529-7
024 _cAvailable
037 _cAvailable
040 _aMBSTU LIBRARY
_dMBSTU LIBRARY
082 _222
_a150 MOU
100 _aMorris, Charles G.
245 _aUnderstanding psychology.
250 _a4th
260 _aNew Jersey.
_bPrentice Hall
_c1999
300 _a28 cm.
_b615 page
_f1
_g28 cm.
600 _2Psychology.
650 _2Psychology.
700 _aMorris, Charles G.
270 _aNew Jersey.
_bNew Jersey.
_dUSA
365 _b4640.00
_d4640.00
942 _2ddc
_cBK
999 _c802
_d802